000 01111cam a22003377a 4500
003 CHAP
005 20220329142423.0
008 010111d1999 uk a r 00110 eng d
010 _a83194
011 _a84166
020 _a0199636990
035 _a94685
040 _cCHAP
082 0 4 _a574.8733
_bB5
100 0 0 _aBickmore, Wendy A.
_eed.
_912614
245 1 0 _aChromosome structural analysis :
_bpractical approach
_c/ed. by Wendy A. Bickmore
260 _aOxford :
_bUniversity Press,
_c1999.
300 _a205 p. :
_bilus.
490 4 _aThe practical approach series
_v; 200
590 _aBATCH-UPD
_b10
_c20130110
_lUCH01
_h0833
590 _aBATCH-UPD
_b10
_c20130410
_lUCH01
_h0511
590 _aBATCH-UPD
_b10
_c20130913
_lUCH01
_h1906
590 _aCONVERSION
_b10
_c20130109
_lUCH01
_h1346
650 1 4 _aAcido desoxirribonucléico.
_9580
650 1 4 _aCromosomas.
_929152
830 4 _aThe practical approach series
_v; 200
_9112700
901 _aBK
905 _aLilia Sánchez G.
942 _cLIBRO
949 _a574.8733 B5
_bBC
_cLIBRO
_d33724000812111
_eLIBRO
_gI. 208850
_h99289
_i94685
_sex
_t$1.104.00
999 _c83194
_d83194